000 00274cam a22001097a 4500
008 180718b1958 xxu||||| |||| 00| 0 eng d
082 _aD C936c
245 _aCurrent affairs
260 _aDelhi
_bMalhotra Brothers
_c1958
300 _a218p.
650 _aInternational Relations
999 _c363429
_d363429